000 00796nam a2200229Ia 4500
001 21810
005 20260408081720.0
008 260320s9999||||xx |||||||||||||| ||und||
020 _a9786124503320
041 _aESP
082 _a336.3435
_bN78
100 _aNomberto Bazán, Víctor Raúl,
_eAUT
245 0 _aHistoria del canje de la deuda externa peruana 1970-2000
250 _aPrimera edición
260 _aLima :
_bUniversidad Nacional Mayor de San Marcos. Fondo Editorial,
_c2011
300 _a99 páginas :
_bcuadros, gráficos ;
_c30 cm.
650 _aCIS
653 _aDeuda externa - Perú - Siglo XX; Finanzas internacionales - Perú
654 _aCHU
856 _uhttps://www-jstor-org.ucsp.lookproxy.com/
_zVéase además: Base de datos JSTOR
942 _cLIB
_dJUS
_fMAT
_2ddc
999 _c21810
_d21810